Gares de la Vendée - Statistiques

Statistiques générales
  • Ce quiz a été pris 158 fois
  • Le résultat moyen est 8 sur 17
Statistiques - réponses
Nombre de voyageurs Gares % Correct
1 178 900 La Roche sur Yon
97%
553 077 Les Sables d'Olonne
89%
442 736 Montaigu
75%
148 819 Saint Gilles Croix de Vie
72%
223 880 Challans
69%
93 967 Luçon
63%
16 351 Chantonnay
48%
148 991 L'Herbergement - Les Brouzils
45%
89 208 La Mothe Achard
37%
15 420 Olonne sur Mer
31%
2 133 Pouzauges
31%
134 484 Belleville sur Vie
30%
73 875 Saint Hilaire de Riez
30%
52 757 Cugand
27%
1 988 Bournezeau
19%
1 383 Fougeré
16%
1 686 La Chaize le Vicomte
15%
Aucun quiz correspondant
Distribution des résultats
% des personnes avec chaque résultat
Percentile par nombre de réponses
Votre historique - résultats
Vous n’avez pas pris ce quiz